Patrimonio artístico en Chile de la independencia a la República, 1790-1840: representaciones visuales, obras arquitectónicas y objetos
Saved in:
| Main Author: | |
|---|---|
| Format: | Book |
| Language: | Spanish |
| Published: |
Santiago
Origo Ediciones
2016
|
| Edition: | 1a. ed |
| Subjects: | |
| Tags: |
Add Tag
No Tags, Be the first to tag this record!
|
MARC
| LEADER | 00000cam a2200000 a 4500 | ||
|---|---|---|---|
| 001 | UCD9281 | ||
| 003 | CL-VaPUC | ||
| 005 | 20220427074703.0 | ||
| 008 | 170609e20160000cl |||||||||||||||||spa|d | ||
| 020 | |a 9789563161571 | ||
| 040 | |c Pontificia Universidad Católica de Valparaíso | ||
| 082 | 0 | 4 | |a 983.03 CRUZ 2016 |2 21 |
| 100 | 0 | |a Cruz de Amenábar, Isabel |e author |9 432 | |
| 245 | 1 | 0 | |a Patrimonio artístico en Chile de la independencia a la República, 1790-1840: representaciones visuales, obras arquitectónicas y objetos |
| 250 | |a 1a. ed | ||
| 260 | |a Santiago |b Origo Ediciones |c 2016 | ||
| 300 | |a 412 p | ||
| 583 | |a last modification |c 20170609 16:51:00 |k Rodrigo Vera | ||
| 650 | 0 | |a Historia de Chile |9 322385 | |
| 650 | 0 | |a República |9 310048 | |
| 650 | 7 | |a EPOCA REPUBLICANA |2 CL-VaPUC |9 397766 | |
| 650 | 7 | |a PATROMINIO CULTURAL |2 CL-VaPUC |9 549379 | |
| 651 | 7 | |a CHILE |2 CL-VaPUC |9 592983 | |
| 942 | |c BK |2 ddc | ||
| 945 | |d 20170609 16:51:00 |a arojas | ||
| 999 | |c 368513 |d 368511 | ||
| 952 | |0 0 |1 0 |3 erb |4 0 |6 983_030000000000000_CRUZ_2016 |7 0 |8 A |9 483866 |a BIBHIS |b BIBHIS |i 5396409 |o 983.03 CRUZ 2016 |p 5396409 |r 2025-01-20 |w 2019-11-24 |y BK |z Catalogado en:20170609 |k HIS | ||
| 952 | |0 0 |1 0 |3 erb |4 0 |6 983_030000000000000_CRUZ_2016 |7 0 |8 A |9 483867 |a BIBHIS |b BIBHIS |i 5396417 |o 983.03 CRUZ 2016 |p 5396417 |r 2025-01-20 |w 2019-11-24 |y BK |z Catalogado en:20170609 |k HIS | ||
| 952 | |0 0 |1 0 |2 ddc |4 0 |6 983_030000000000000_CRUZ_2016 |7 0 |8 A |9 494985 |a BIBART |b BIBART |d 2019-12-11 |e 14 |g 21000.00 |i 5567858 |o 983.03 CRUZ 2016 |p 5567858 |r 2025-03-13 |t 3 |v 21000.00 |w 2019-12-11 |y BK | ||